| 000 | 00463nam a2200145Ia 4500 | ||
|---|---|---|---|
| 008 | 170221s9999 xx 000 0 und d | ||
| 100 | _aRahul Gadekar Pradeep Krishnatray. | ||
| 245 | _aGratifications of Facebook: A Literature Review | ||
| 245 | _cRahul Gadekar Pradeep Krishnatray. | ||
| 260 | _bOnline Journal of Communication and Media Technologies | ||
| 260 | _c2012 | ||
| 650 | _xCommunication | ||
| 650 | _xMedia Arts | ||
| 856 | _uhttp://www.ojcmt.net/ | ||
| 999 |
_c310517 _d310517 |
||